Кирило й Мефодій: 1100-літній всеслов'янський ювілей (Запис № 441989)

МАРК-запис
000 -Лідер
fixed length control field 00853nam a22002657a 4500
001 - Контрольний номер
control field 43514
003 - Ідентифікатор контрольного номера
control field UA-OsUOA
005 - Дата та час останнього входження (трансакції)
control field 20200225091055.0
007 - Фіксоване поле фізичного опису
fixed length control field ta
008 - Елементи даних фіксованої довжини – загальна інформація
fixed length control field 20090908b un ||||| |||| 00| 0 ukr d
040 ## - Джерело каталогізації
Агенція оригінальної каталогізації UA-OsUOA
Мова каталогізації ukr
Агенція, яка здійснювала перезапис UA-OsUOA
Агенція, яка здійснювала модифікацію UA-OsUOA
041 ## - Код мови
Код мови тексту/ звукової доріжки чи окремого заголовка (П) ukr
080 ## - Індекс Універсальної десяткової класифікації
Індекс Універсальної десяткової класифікації (УДК) (НП) 82-92(Публ.)
090 ## - Локальний шифр розміщення
Класифікаційний індекс УДК 82-92(Публ.)
Авторський знак (НП) И99
100 ## - Основне введення – ім’я особи
Ім’я особи (НП) Іларіон
245 ## - Відомості про назву
Назва (НП) Кирило й Мефодій: 1100-літній всеслов'янський ювілей
246 31 - Інша форма назви
Назва (НП) Апостоли всеслов'янські
260 ## - Публікація, розповсюдження і т.п. (Вихідні дані)
Місце публікації, розповсюдження і т.п. (П) Вінніпег
Дата публікації, розповсюдження і т.п. (П) 1963
300 ## - Фізичний опис
Обсяг 16 с.
650 #7 - Додаткове предметне введення – тематичний термін
Тематичний термін чи географічна назва, як елемент введення (НП) 82 Література. Літературознавство
Джерело заголовка чи терміна UDC
942 ## - Додаткові елементи входу (Коха)
Тип елемента Koha Брошура
Source of classification or shelving scheme Universal Decimal Classification
955 ## - Код типу видання за змістом
Код типу видання за змістом (НП) Науково-популярні видання

Немає доступних примірників.